| 000 | 00369cam a22001217a 4500 | ||
|---|---|---|---|
| 008 | 180718b1902 xxu||||| |||| 00| 0 eng d | ||
| 082 | _aA321 Eng/M (R) | ||
| 100 | _aMarch, Francis Andrew | ||
| 245 |
_aMarch's thesaurus-dictionary _cFrancis Andrew March and Francis A. March |
||
| 260 |
_aNew York _bHanover House _c1902 |
||
| 300 | _a1240p. | ||
| 700 | _aMarch, Francis A. | ||
| 999 |
_c436669 _d436669 |
||